[Event "Puget Sound Open"]
[Site "?"]
[Date "1977.07.04"]
[Round "5"]
[White "Polich, D."]
[Black "Bailey, B."]
[Result "1/2-1/2"]
[WhiteElo "1816"]
[BlackElo "1906"]
[Annotator "Stockfish 13 (15s)"]
[PlyCount "107"]

{E60: King's Indian: Unusual lines and Fianchetto Variation without Nc3} 1. b3
g6 2. Bb2 Nf6 3. c4 Bg7 4. g3 O-O 5. Bg2 c5 6. Nf3 Nc6 7. O-O d6 8. d4 cxd4 9.
Nxd4 Bd7 10. Nd2 (10. Qd2 Nxd4 11. Bxd4 Bc6 12. Nc3 Qa5 13. Rad1 Rfc8 14. Bxf6
Bxf6 15. Nd5 Qxd2 16. Nxf6+ Kg7 17. Nh5+ Kh6 18. Rxd2 Kxh5 19. Rfd1 Bxg2 20.
Kxg2 Kg5 21. f4+ Kf6 22. Kf3 a6 23. Rd5 b5 {
1/2-1/2 (23) Smyslov,V (2575)-Dzindzichashvili,R (2550) Buenos Aires 1978})
10... Nxd4 (10... Qa5 11. e3 Rfc8 12. h3 Rab8 13. a3 a6 14. Rc1 Qb6 15. b4 Ne8
16. Ne4 Qd8 17. Qb3 e5 18. Ne2 b5 19. cxb5 Be6 20. Qd1 axb5 21. N2c3 f5 22. Nd2
e4 23. f4 Qb6 24. Re1 d5 25. Nb3 {
Mikhalchishin,A (2525)-Borisek,J (2185) Nova Gorica 2001 0-1 (44)}) 11. Bxd4
Bc6 $146 (11... Qc8 12. Ne4 {
1/2-1/2 (12) Kovacs Pinter,M (2200)-Porubszky Angyalosine,M (2120) Hungary 1993
}) (11... Qc7 12. Rc1 a5 13. a3 Bc6 14. e4 b6 15. Re1 Qb7 16. Qc2 Rfc8 17. Qb2
b5 18. cxb5 Qxb5 19. Bh3 Re8 20. e5 Nh5 21. Bg4 dxe5 22. Rc5 Qb7 23. Bxe5 Bxe5
24. Qxe5 Nf6 25. Qc3 Nxg4 26. Rxc6 {
Suskovic,M (2130)-Vidovic,S (2225) Hvar 1998 1-0 (51)}) 12. e4 Nd7 13. Bxg7
Kxg7 14. Qc2 a5 15. Rad1 Qb6 16. Rfe1 Ne5 17. Nb1 (17. Nf3 $5 $11) 17... a4 $15
18. Nc3 (18. h3 axb3 19. axb3 Ra1 $15) 18... axb3 $17 19. axb3 Rfe8 (19... Ra3
$142 $5 20. Rb1 Rfa8 $17) 20. Nd5 $11 Bxd5 21. exd5 Ra3 22. Re3 Qa7 (22... Rc8
23. Bf1 $11) 23. Rb1 (23. Qc3 Kg8 $11) 23... Kg8 (23... Rc8 $5 24. Bh3 Rc7 $11)
24. h3 $11 Rc8 25. Qe2 Qb6 (25... Rc5 26. Rb2 $11) 26. Rb2 Rc7 27. Kh2 Kf8 (
27... h5 28. Qd2 $11) 28. Bf1 (28. f4 $5 Nd7 29. Rxe7 $14) 28... Ra1 $11 29.
Kg2 f6 30. f4 Nf7 31. Qf2 Ra3 32. Rf3 Qxf2+ 33. Kxf2 b6 34. Ke3 Rca7 35. Kd4
Ke8 (35... Nd8 36. Bd3 $11) 36. Re3 Kd8 (36... Nd8 $142 $5 $11) 37. Bd3 $16 Ra2
38. Kc3 R2a5 (38... Ke8 39. Re1 $16) 39. Rbe2 (39. Kb4 Ra1 $16) 39... Nh6 (
39... Ke8 40. Kb4 $16) 40. g4 Ng8 $4 (40... Ra3 $142 $16) 41. h4 $18 Ra2 (41...
Ke8 42. Kb4 Kf7 $18) 42. h5 Nh6 (42... f5 43. g5 Ke8 44. Kb4 Rxe2 45. Rxe2 $18)
43. hxg6 hxg6 44. Rxe7 $3 Rxe7 (44... Rxe7 45. Re6 {Decoy Double attack} (45.
Rxa2 {Overloading Deflection})) (44... -- $140 45. Re8+ {Mate threat}) 45. Rxa2
Nxg4 $4 (45... Re3 $142 46. Ra8+ Ke7 47. Ra7+ Kd8 $18) 46. Ra8+ (46. Bxg6 Re3+
47. Kb4 Rf3 48. Ra8+ Ke7 49. Ra7+ Kf8 50. Rf7+ Kg8 $18) 46... Kd7 (46... Kc7
47. Bxg6 Ne3 48. Ra7+ Kd8 49. Ra8+ Kc7 50. Rf8 $18) 47. Ra7+ (47. Bxg6 $142 $5
Nh2 48. Kb4 Nf3 $18) 47... Kd8 48. Rxe7 Kxe7 49. Bxg6 Ne3 50. Be4 Ng4 $4 (50...
Nf1 $142 $16) 51. b4 (51. Kd4 $142 Nh6 $18) 51... Nh6 52. Kd4 {White plans c5}
Nf7 (52... Ng4 $18) 53. Bg6 (53. Bf5 $142 $18) 53... Nd8 (53... Nh6 $18) 54. c5
1/2-1/2

[Event "40/1"]
[Site "?"]
[Date "1977.07.23"]
[Round "1"]
[White "Bailey, B."]
[Black "Jangord, K."]
[Result "1-0"]
[WhiteElo "1980"]
[BlackElo "1828"]
[Annotator "Stockfish 14 (15s)"]
[PlyCount "87"]

{B08: Pirc Defence: Classical System} 1. e4 d6 2. d4 Nf6 3. Nc3 g6 4. Nf3 Bg7
5. Be2 O-O 6. O-O Nbd7 7. h3 e5 8. Be3 Nh5 (8... exd4 9. Bxd4 Re8 10. Bc4 Nf8
11. Re1 Be6 12. Bf1 Bd7 13. Qd3 Ne6 14. Be3 Bc6 15. Rad1 Nd7 16. b4 a5 17. b5
Nec5 18. Qd2 Bxe4 19. Nd4 Nf6 20. Bc4 b6 21. Bg5 Qd7 22. f3 Bb7 23. Nde2 {
Chandler,M (2385)-Schussler,H (2360) Groningen 1976 0-1 (56)}) (8... a5 9. Qe1
Nh5 10. g3 Qe7 11. Nd5 Qd8 12. dxe5 dxe5 13. Rd1 Nhf6 14. Nc3 Ne8 15. Bc5 Nd6
16. Bxd6 cxd6 17. Rxd6 Qe7 18. Qd2 Nf6 19. Kg2 Be6 20. Rd1 Rac8 21. Ng5 Bh6 22.
h4 a4 23. a3 {Hahn,H-Fuess,M Bad Kreuznach 1995 1/2-1/2}) 9. Qd2 f5 $4 $146 (
9... Nf4 10. Bxf4 exf4 11. Qxf4 a6 12. Rad1 b5 13. a3 Qe8 14. Rfe1 Bb7 15. Bd3
Nf6 16. g4 Qd7 17. e5 Ne8 18. Be4 d5 19. Bd3 h5 20. Kg2 hxg4 21. hxg4 Bc8 22.
Nh2 c6 23. Ne2 Nc7 24. f3 {Haasse,A-Andrews,C Perth 1994 1-0 (39)}) (9... Nhf6
$142 $16) 10. exf5 $18 Nf4 (10... gxf5 11. dxe5 f4 12. exd6 fxe3 13. Qd5+ Kh8
14. Qxh5 $18) 11. Bc4+ (11. Bxf4 $5 exf4 12. fxg6 hxg6 13. Bc4+ Kh8 $18) 11...
Kh8 12. dxe5 (12. Bxf4 exf4 13. fxg6 Nb6 $18) 12... dxe5 (12... Nxe5 13. Nxe5 (
13. Bxf4 $6 Nxc4 14. Qe2 Nb6 $18) 13... dxe5 14. Qxd8 Rxd8 15. g3 Bxf5 16. gxf4
exf4 17. Bc5 $18) 13. Rad1 gxf5 (13... Qf6 14. Bxf4 exf4 $18) 14. Bxf4 exf4 15.
Be6 Qf6 (15... Qe7 16. Bxd7 Rd8 17. Rfe1 $18) 16. Bxd7 Rd8 17. Qxf4 (17. Nd5
$142 Rxd7 18. Rfe1 Qd8 $18) 17... Bxd7 18. Qxc7 (18. Nd5 $142 $5 Qd6 19. Qh4 h6
$18) 18... Bc6 (18... Rac8 19. Qf4 (19. Rxd7 Rxc7 20. Rxc7 Qb6 $17) 19... Bh6
20. Nd5 $18) 19. Rxd8+ Rxd8 (19... Qxd8 20. Qf4 Qb8 21. Qxf5 $18) 20. Ne5 $1
Rf8 (20... Qxe5 21. Qxd8+ {Deflection}) 21. Nxc6 Qxc6 22. Qxc6 bxc6 23. Rd1 Be5
(23... Rb8 24. Rd3 Bxc3 25. Rxc3 Rxb2 $18) 24. Na4 Kg7 25. Rd7+ Rf7 26. Rxf7+
Kxf7 27. Kf1 h5 (27... Ke6 28. Ke2 $18) 28. Ke2 Ke6 29. Nc5+ Kd5 30. Nd3 Bc7 (
30... Bh8 31. c3 h4 32. Nb4+ Kd6 33. Nc2 $18) 31. g3 Ke4 32. Nf4 Bxf4 (32... h4
33. f3+ Ke5 34. Nd3+ Kf6 35. gxh4 Kg6 $18) 33. gxf4 Kxf4 34. b4 Ke4 35. c3 a6
36. f3+ Kf4 37. Kf2 h4 38. a4 Ke5 39. Ke3 f4+ 40. Kd3 Kd5 41. c4+ Ke5 42. b5 a5
43. b6 Kd6 44. c5+ $1 (44. c5+ Kd7 45. Ke4 Kc8 46. Kxf4 Kb7 47. Kf5 Kc8 48. Ke6
Kb7 49. f4 Ka6 50. f5 Kb7 51. f6 Kc8 52. f7 Kb8 53. f8=Q+ Kb7 54. Kd7 Ka6 55.
Qa8#) 1-0

[Event "40/1"]
[Site "?"]
[Date "1977.07.23"]
[Round "2"]
[White "Chun, K."]
[Black "Bailey, B."]
[Result "1-0"]
[WhiteElo "2039"]
[BlackElo "1980"]
[Annotator "Stockfish 14 (15s)"]
[PlyCount "41"]

{D02: 1 d4 d5 2 Nf3 sidelines, including 2...Nf6 3 g3 and 2...Nf6 3 Bf4} 1. d4
d5 2. Nf3 Nf6 3. Bf4 e6 4. e3 Bd6 5. Bd3 O-O 6. Nbd2 Bxf4 (6... c5 7. c3 Nc6 8.
Ne5 Qc7 9. Ndf3 cxd4 10. exd4 Ne4 11. Bg3 f6 12. Nxc6 Qxc6 13. Bxe4 dxe4 14.
Bxd6 Qxd6 15. Nd2 Qd5 16. Qe2 e5 17. dxe5 Qxe5 18. Qc4+ Be6 19. Qxe4 Qxe4+ 20.
Nxe4 Bd5 21. f3 {
Kelchner,H (2115)-Isele,T (2041) Bad Woerishofen 2006 1/2-1/2 (55)}) 7. exf4
Nc6 8. c3 Ne7 9. Ne5 $146 (9. O-O Ng6 10. g3 b6 11. Rc1 c5 12. Re1 Bb7 13. h4
c4 14. Bb1 b5 15. Ne5 Nxe5 16. fxe5 Ne8 17. Qc2 g6 18. Kg2 Ng7 19. Nf3 a5 20.
Rh1 f5 21. exf6 Qxf6 22. Ne5 Nh5 23. Qe2 Rad8 {
Zombori,J (2120)-Pikovszki,J (1890) Hungary 1995 1-0 (42)}) 9... b6 10. g4 c5
11. g5 Nd7 12. Qh5 g6 13. Qh6 (13. Qe2 cxd4 14. cxd4 Nxe5 15. fxe5 Qd7 $14)
13... Nf5 (13... cxd4 $5 14. cxd4 Nf5 15. Bxf5 exf5 $11) 14. Bxf5 $14 exf5 15.
O-O-O (15. Ndf3 $142 cxd4 16. Nxd4 $14 (16. cxd4 Ba6 17. Rc1 Qe8 $19)) 15...
Bb7 $4 (15... Nxe5 16. fxe5 f4 17. dxc5 Qc7 $19) 16. Rhg1 (16. Ndf3 $142 Rc8
17. Rhg1 Nxe5 18. fxe5 $18 (18. Nxe5 $143 Ba6 19. Rge1 cxd4 20. Rxd4 Rc7 $18) (
18. dxe5 $6 Re8 $16)) 16... f6 $4 (16... Re8 $142 17. Nxd7 Qxd7 $18) 17. Nxg6
$1 Rf7 (17... hxg6 18. Qxg6+ {Mate attack}) 18. gxf6 (18. Ne7+ $142 $1 Kh8 19.
Ng6+ Kg8 20. Ne7+ Kh8 21. gxf6 Nxf6 22. Ng6+ Kg8 23. Ne5+ Ng4 24. Nxf7 Qf8 $18)
18... Qxf6 19. Ne5+ Kh8 20. Qxf6+ (20. Nxf7+ $142 Qxf7 21. Qd6 Re8 $18) 20...
Nxf6 (20... Rxf6 21. Nxd7 Rg6 22. Rxg6 hxg6 23. dxc5 Bc6 $18) 21. Nxf7# 1-0

[Event "40/1"]
[Site "?"]
[Date "1977.07.23"]
[Round "3"]
[White "Bailey, B."]
[Black "Tangborn, E."]
[Result "0-1"]
[WhiteElo "1980"]
[BlackElo "2293"]
[Annotator "Stockfish 14 (15s)"]
[PlyCount "90"]

{C16: French: 3 Nc3 Bb4 4 e5: Lines without ...c5} 1. e4 e6 2. d4 d5 3. Nc3 Bb4
4. e5 Qd7 5. Nf3 b6 6. a3 Bxc3+ 7. bxc3 Qa4 (7... Ne7 8. a4 Ba6 9. Bxa6 Nxa6
10. Qd3 Nb8 11. a5 Nbc6 12. axb6 cxb6 13. h4 Na5 14. h5 h6 15. Nh4 Nc4 16. Qg3
Rg8 17. Qf4 Nc6 18. Rh3 O-O-O 19. Rg3 Kb7 20. Rg4 Qe7 21. Qg3 Qf8 22. Kf1 {
Kotsur,P (2425)-Temirbaev,S (2450) Kurgan 1993 0-1 (66)}) 8. Bd3 Ba6 9. O-O
Bxd3 10. Qxd3 $146 (10. cxd3 Qxd1 11. Rxd1 Nc6 12. a4 f6 13. Re1 Kd7 14. Bd2
Nge7 15. c4 Rab8 16. Bc3 Rhf8 17. Ra2 fxe5 18. dxe5 Rf5 19. Rae2 g5 20. Nd4
Nxd4 21. Bxd4 dxc4 22. dxc4 Kc6 23. Re4 Rd8 24. Be3 Ng6 {
Ondrejat,M (2072)-Pestov,S (2364) Brno 2004 0-1 (45)}) (10. cxd3 $5 Qxd1 11.
Rxd1 $11) 10... Nc6 $15 11. Rb1 (11. Be3 Nge7 $17) 11... Na5 (11... h6 12. Be3
$17) 12. Nd2 Ne7 13. Rb4 Qd7 14. Rb1 Rc8 15. c4 $2 (15. a4 $142 $5 Qxa4 16. Ba3
$17) 15... dxc4 (15... Nxc4 16. Nxc4 dxc4 17. Qxc4 $19) 16. Nxc4 (16. Qf3 Qxd4
17. Ne4 Nd5 $19) 16... Nxc4 17. Qxc4 c5 18. dxc5 (18. c3 cxd4 19. Qxd4 Qxd4 20.
cxd4 Nd5 $19) 18... Rxc5 19. Qe4 Qc6 20. Qh4 (20. Qxc6+ Nxc6 21. Rd1 Rxc2 22.
a4 $19) 20... Rxc2 21. Rd1 Rc4 22. Qg5 (22. Qh5 O-O $19) 22... h6 23. Qg3 (23.
Qd2 O-O 24. Qd7 Nd5 25. Qxc6 Rxc6 $19) 23... Nf5 24. Qd3 O-O 25. Bb2 (25. h3
Rc8 $19) 25... Rc8 (25... Rg4 26. Qh3 Qa4 27. Kh1 $19) 26. Qd7 (26. h3 Nh4 27.
Qg3 g5 $19) 26... Qxd7 27. Rxd7 R4c7 (27... Rc2 $5 28. Rdd1 $19) 28. Rd2 (28.
Rxc7 Rxc7 29. Rc1 $19) 28... Rc2 29. Rbd1 Ne7 30. g3 (30. Kf1 Nd5 $19) 30...
Nd5 (30... g5 31. Kf1 Kg7 32. a4 $19) 31. Bd4 (31. f4 Ne3 32. Rxc2 Rxc2 $19 (
32... Nxc2 $6 33. Kf2 $17)) 31... R8c4 (31... g5 32. Rxc2 Rxc2 33. Kg2 $19) 32.
Kf1 Kf8 33. Ke2 Ke7 34. Kd3 Rxd2+ 35. Rxd2 Rc6 36. Rb2 Kd7 37. a4 (37. Rb3 Rc1
$19) 37... Kc7 38. a5 bxa5 39. Bxa7 (39. Rb5 Nb4+ 40. Ke2 Rc2+ 41. Kf1 Nc6 $19)
39... Nb4+ 40. Kd2 (40. Ke2 Rc4 $19) 40... Kb7 (40... Rc4 41. Rb1 $19) 41. Bd4
(41. Be3 Ka6 $19) 41... Ka6 42. Bc3 Kb5 43. Bxb4 (43. Rb1 Rc4 $19) 43... axb4
44. Ra2 (44. h4 h5 $19) 44... b3 45. Ra7 Rc2+ (45... Rc2+ 46. Ke3 b2 47. Rb7+
Kc6 $19) 0-1

[Event "40/1"]
[Site "?"]
[Date "1977.07.23"]
[Round "4"]
[White "Runge, M."]
[Black "Bailey, B."]
[Result "0-1"]
[WhiteElo "1698"]
[BlackElo "1980"]
[Annotator "Stockfish 14 (15s)"]
[PlyCount "40"]

{C50: Hungarian Defence and Giuoco Pianissimo} 1. e4 e5 2. Nf3 Nc6 3. Bc4 d6 4.
Nc3 Be7 5. O-O Nf6 6. d4 exd4 7. Nxd4 Nxd4 8. Qxd4 O-O 9. h3 a6 10. a4 Bd7 (
10... b6 11. Nd5 Nxd5 12. Bxd5 Rb8 13. Qd3 Bf6 14. c3 b5 15. axb5 axb5 16. Be3
b4 17. Ba7 Bd7 18. Bxb8 Qxb8 19. Ra8 Qb6 20. Rfa1 bxc3 21. Qc4 g6 22. Bxf7+ Kg7
23. Rxf8 Kxf8 24. Bg8 Be8 25. Ra8 {
Masternak,G (2350)-Zapolskis,A (2360) Zlin 1995 1-0}) 11. Bg5 Bc6 12. Rad1 $146
(12. b4 d5 13. exd5 Nxd5 14. Bxe7 Nxe7 15. Qc5 b6 16. Qe5 Ng6 17. Qg3 Qd4 18.
Bxa6 Qxb4 19. Bb5 Bxb5 20. axb5 {
1/2-1/2 (20) Bortoloso,M (2233)-Da Silveira,R (2171) Vitoria 2006}) 12... h6
13. Bh4 (13. Be3 Nd7 14. Qd2 Bf6 $14) 13... Nd7 (13... Nh5 $5 14. Bxe7 Qxe7 $14
) 14. Bxe7 $16 Qxe7 15. Nd5 (15. b4 Nf6 16. b5 axb5 17. axb5 Bd7 $16) 15...
Bxd5 $11 16. Bxd5 Rab8 17. Rd3 Ne5 (17... Rfe8 18. Rfd1 $11) 18. Rg3 $14 c6 19.
Bb3 Qf6 20. f4 $4 (20. Qe3 $142 $16) 20... Nf3+ $3 $19 (20... Nf3+ 21. Rgxf3
Qxd4+ 22. R3f2 Qxe4 $19) 0-1

[Event "Oregon Open"]
[Site "?"]
[Date "1977.09.03"]
[Round "?.1"]
[White "Bailey, B."]
[Black "Huey, C."]
[Result "1/2-1/2"]
[WhiteElo "1909"]
[BlackElo "1443"]
[Annotator "Stockfish 12 (15s)"]
[PlyCount "101"]

{B08: Pirc Defence: Classical System} 1. e4 d6 2. d4 g6 3. Nc3 Bg7 4. Nf3 c6 5.
Be3 Nd7 6. a4 Ngf6 7. h3 Qc7 8. Be2 O-O 9. O-O b6 10. Qd2 Bb7 11. Bd3 $146 (11.
Rad1 Rad8 (11... a6 12. Bf4 (12. Bh6 b5 13. Bxg7 Kxg7 14. Qe3 e5 15. dxe5 dxe5
16. Nb1 Qa5 {1/2-1/2 (16) Stanciu,M-Har Zvi,R (2225) Fond du Lac 1990}) 12...
e5 13. dxe5 dxe5 14. Bh2 Rad8 15. Qd6 Qc8 16. Qb4 Nh5 17. Rfe1 b5 18. axb5 axb5
19. Bf1 Rfe8 20. Nb1 Qc7 21. Qb3 Nf4 22. c4 Ba6 23. cxb5 cxb5 24. Na3 Nc5 25.
Qe3 b4 26. Rc1 {O'Donnell,T (2505)-Gipslis,A (2340) Saint John 1988 0-1 (40)})
12. Bh6 a6 13. Bxg7 Kxg7 14. Qe3 e5 15. dxe5 dxe5 16. b4 b5 17. Rfe1 Rfe8 18.
Nd2 Nf8 19. Nb3 Ne6 20. Bf3 Qe7 21. axb5 axb5 22. Na2 Ra8 23. Ra1 Ra3 24. Qc1
Rea8 25. Na5 Rxf3 {Mannion,S-McNab,C St Andrews 1983 0-1 (31)}) (11. Rfe1 Rfe8
12. Bc4 e5 13. d5 cxd5 14. Bxd5 Nxd5 15. Nxd5 Bxd5 16. exd5 Rac8 17. c3 f5 18.
Bh6 Bf6 19. Ng5 Nc5 20. Ne6 Nxe6 21. dxe6 Rxe6 22. a5 b5 23. a6 Kf7 24. g3 {
0-1 (24) Damjanovic,V (2380)-Tseshkovsky,V (2515) Becici 1994}) (11. Rfd1 a6
12. Bh6 b5 13. Bxg7 Kxg7 14. Qe3 e5 15. dxe5 dxe5 16. Bd3 Rfe8 17. Nh4 h6 18.
Ne2 Nh5 19. c4 bxa4 20. Bc2 Rad8 21. Bxa4 Nf4 22. Nxf4 exf4 23. Qc3+ Kh7 24.
Bc2 Ne5 25. Nf3 Nxf3+ {
Weidemann,J (2295)-Seul,G (2440) Germany 1995 1/2-1/2 (72)}) (11. a5 $5 bxa5
12. Ra4 $14) 11... a6 12. Bh6 b5 (12... e5 13. dxe5 dxe5 14. Qe3 $11) 13. Bxg7
Kxg7 14. Rfe1 e5 15. Ne2 (15. axb5 axb5 16. b4 Rxa1 17. Rxa1 Ra8 $14) 15... c5
$11 16. dxc5 (16. dxe5 dxe5 17. Ng3 c4 $11) 16... dxc5 (16... Nxc5 $142 17. Ng3
bxa4 (17... Nxa4 $6 18. Nf5+ Kh8 19. Qh6 $11) 18. Nf5+ Kh8 $17) 17. Ng3 $11 (
17. axb5 $2 c4 $19) 17... c4 18. Bf1 Nc5 {Will e4 fall?} (18... h6 19. Qb4 a5
20. Qc3 $11 (20. Qxb5 $4 Ba6 $19)) 19. axb5 axb5 20. Qb4 Rxa1 21. Rxa1 Nfxe4
22. Nxe4 Bxe4 23. Qxb5 Bxf3 24. gxf3 Rb8 25. Qxc4 Rxb2 26. f4 Ne6 27. fxe5 (27.
Qxc7 Nxc7 28. fxe5 Rxc2 $11) 27... Rxc2 (27... Qxe5 $142 28. Ra3 Rb1 $17) 28.
Qe4 $4 (28. Qxc7 $142 Rxc7 29. h4 $11) 28... Qc5 $19 29. Qf3 $2 (29. Qe3 Qxe3
30. fxe3 $19) 29... Qxe5 30. Ra7 (30. Ra3 Rc1 31. Qe3 $19) 30... Qf5 (30... Ng5
$142 31. Qg2 Rc3 $19) 31. Qe3 $4 (31. Qxf5 $142 gxf5 32. Ra5 $11) 31... Qg5+ (
31... Qf6 $142 32. Ra5 h5 $19) 32. Qxg5 $17 Nxg5 33. Ra3 Rb2 34. Bc4 Rb7 (34...
Rb4 $5 35. Bd5 $17) 35. Kg2 Rc7 (35... Rb4 36. Bd5 $17) 36. Bd5 Rd7 (36... h6
$142 $17) 37. Bc4 $2 (37. Ra5 h6 $15) 37... Rc7 (37... Rd4 $142 $5 38. Bb5 f5
$17) 38. Bd5 $17 Kf6 (38... h6 39. h4 $15) 39. Re3 (39. h4 Ne6 40. Bxe6 fxe6
$11) 39... Ne6 (39... Rd7 40. Rd3 Ke5 $15) 40. Ba2 (40. Bxe6 fxe6 41. Kg3 h6
$11) 40... Re7 (40... Nf4+ $142 $5 41. Kg3 Nh5+ 42. Kg2 Nf4+ 43. Kg3 Nh5+ 44.
Kg2 Kg7 $17) 41. Kg3 Ra7 42. Bc4 (42. Bxe6 fxe6 43. Rf3+ Kg7 $11) 42... Ng5 (
42... Nd4 $142 $5 43. Kg2 Nf5 $17) 43. Bd5 (43. h4 Ne6 44. Bxe6 fxe6 $11) 43...
Re7 (43... Rd7 44. Rd3 $15) 44. Ra3 Re5 45. Bb7 (45. Rd3 Re1 $11) 45... h5 (
45... Ne6 46. h4 $17) 46. Bc6 (46. Ra6+ Ne6 47. Bc8 g5 $11) 46... Ne4+ (46...
Ne6 $142 $5 $17) 47. Bxe4 $11 Rxe4 48. Rb3 Kg5 49. Ra3 f5 50. Ra6 Rd4 51. Ra3
1/2-1/2

[Event "Oregon Open"]
[Site "?"]
[Date "1977.09.03"]
[Round "2"]
[White "Hattrup, J."]
[Black "Bailey, B."]
[Result "1/2-1/2"]
[WhiteElo "1466"]
[BlackElo "1909"]
[Annotator "Stockfish 12 (15s)"]
[PlyCount "98"]

{C47: Scotch Four Knights and Four Knights with 4 g3} 1. e4 e5 2. Nf3 Nc6 3.
Nc3 Nf6 4. d3 d6 5. Bg5 Be7 6. h3 (6. Be2 Be6 7. Qd2 Qd7 8. h3 a6 9. O-O O-O
10. Bxf6 Bxf6 11. Nd5 Bxd5 12. exd5 Ne7 13. c4 Ng6 14. Ng5 Bxg5 15. Qxg5 h6 16.
Qe3 Nf4 17. Bg4 f5 18. Be2 Qf7 19. b3 h5 20. Rfd1 Qg6 {
Linke,S (999)-Bading,K (1107) Berlin 2005 0-1 (52)}) 6... Be6 7. Be2 (7. Qd2 h6
8. Be3 Qd7 9. d4 exd4 10. Nxd4 Nxd4 11. Bxd4 a6 12. f4 Qd8 13. Be2 c5 14. Bf2
Qc7 15. Bf3 Rd8 16. O-O O-O 17. Kh1 b5 18. a3 Bc8 19. Rad1 Rfe8 20. Rfe1 Bb7
21. Bg3 Nd7 {Jelica,M (2215)-Martyniuk,C Elista 1998 1-0 (40)}) 7... a6 $146 (
7... O-O 8. O-O Nd7 9. Be3 Nb6 10. a3 d5 11. exd5 Nxd5 12. Nxd5 Qxd5 13. c4 Qd7
14. Kh1 f5 15. Bd2 Kh8 16. Bc3 Bf6 17. Rb1 Nd4 18. Nxd4 exd4 19. Bb4 Be7 20.
Bd2 c5 21. f4 b5 22. Bf3 {Savel,J (1620)-Kubikova,A Klatovy 1997 1-0 (41)}) (
7... h6 8. Bh4 Qd7 9. a3 g5 10. Bg3 Nh5 11. Bh2 Nf4 12. Bxf4 gxf4 13. Nh2 O-O-O
14. Nd5 Rdg8 15. Nxe7+ Qxe7 16. Bg4 Bxg4 17. hxg4 Nd4 18. c3 Ne6 19. Qe2 h5 20.
O-O-O hxg4 21. Nxg4 Qg5 22. f3 {Heinonen,T-Onikki,M Lahti 2001 0-1 (48)}) (7...
h6 8. Be3 $11) 8. a3 d5 9. Bxf6 Bxf6 10. exd5 Bxd5 11. Nxd5 Qxd5 12. O-O O-O
13. c3 Rad8 14. Qc2 Rfe8 15. Nh2 Qc5 16. Bf3 Nd4 17. Qd1 $2 (17. Qa4 $142 $5
Nxf3+ 18. Nxf3 $11) 17... Nxf3+ $17 18. Qxf3 c6 (18... Qb5 19. a4 Qxb2 $17 (
19... Qxd3 $6 20. Qxb7 h5 21. Qxc7 $15)) 19. Rfe1 (19. Ng4 Re6 $11) 19... Re6
20. Re4 g6 21. Rae1 Bg7 22. Qe3 (22. R4e3 Qd5 $15) 22... Qb5 (22... Qd6 $142 $5
23. Nf3 Qxd3 $17) 23. Rb4 $11 Rxd3 $2 (23... Qxd3 $142 24. Qxd3 Rxd3 25. Rxb7
e4 $11) 24. Rxb5 $4 (24. Qa7 $142 Qd5 25. Rxb7 $18) 24... Rxe3 $19 25. Rxe3 (
25. fxe3 axb5 (25... cxb5 $6 26. Rd1 $19) 26. Rd1 Bf8 $19) 25... axb5 (25...
cxb5 $143 26. Rd3 Bh6 27. Rd7 $19) 26. Rd3 f5 (26... Bf8 $142 27. Rd8 Rd6 $19)
27. Rd7 $17 b6 28. Nf3 Kf8 (28... h6 $142 $17) 29. Ng5 $11 Re7 30. Rd6 h6 (
30... Bh6 $142 $5 31. h4 Bxg5 32. hxg5 Rc7 $11) 31. Ne6+ $16 Kg8 $4 (31... Kf7
32. Nd8+ Ke8 33. Nxc6 $16) 32. Rxc6 (32. Kf1 $142 Bf6 33. Rxc6 Rd7 34. Rxb6 Kf7
$18) 32... Bh8 $4 (32... Rd7 $142 33. Nxg7 Rd1+ 34. Kh2 Kxg7 35. Rxb6 Rd5 $14)
33. Rxb6 $18 e4 (33... Rd7 34. Kf1 Rd1+ 35. Ke2 $18) 34. Nf4 Rd7 (34... g5 35.
Nd5 Ra7 36. g3 $18) 35. Rxb5 (35. Nxg6 Rd1+ 36. Kh2 Bg7 37. Rxb5 Kh7 $18) 35...
Kf7 (35... Rd1+ 36. Kh2 g5 $18) 36. a4 Rd1+ 37. Kh2 Rb1 (37... Ra1 38. a5 $18)
38. h4 Bg7 (38... Kf6 39. h5 gxh5 40. Nxh5+ Kg6 41. Nf4+ Kg5 42. Kg3 $18) 39.
Nd5 (39. Kg3 Bf6 40. Rb7+ Ke8 41. Nxg6 Kd8 $18) 39... Be5+ (39... Rf1 40. f4
$18) 40. g3 Ke6 41. b4 (41. Ne3 $142 Bc7 42. h5 gxh5 43. Nxf5 $18) 41... Rb2 $4
(41... g5 42. a5 f4 43. hxg5 $11) 42. Kg2 $4 (42. Kg1 g5 43. Ne3 Rb1+ 44. Kg2
$14) 42... g5 $4 {Black prepares the advance f4} (42... Ra2 $142 $11) 43. hxg5
$18 hxg5 44. a5 (44. Ne3 $142 Ra2 45. Rb6+ Kd7 46. Nxf5 Bxc3 47. Rd6+ Kc7 48.
Re6 $18) 44... f4 (44... Ra2 45. c4 f4 46. gxf4 gxf4 47. Rb6+ Kf7 48. Kh3 Rxf2
49. Kg4 $11) 45. gxf4 (45. a6 e3 46. a7 Rxf2+ 47. Kh3 $18) 45... gxf4 $11 46.
a6 f3+ 47. Kh3 Rxf2 48. a7 Rh2+ 49. Kg4 Rg2+ 1/2-1/2

[Event "Oregon Open"]
[Site "?"]
[Date "1977.09.03"]
[Round "3"]
[White "Bailey, B."]
[Black "Barnes, R."]
[Result "1/2-1/2"]
[WhiteElo "1909"]
[BlackElo "1515"]
[Annotator "Stockfish 12 (15s)"]
[PlyCount "53"]

{B29: Sicilian: 2 Nf3 Nf6 (Nimzowitsch Variation)} 1. e4 c5 2. Nf3 Nf6 3. e5
Nd5 4. Nc3 e6 5. Nxd5 exd5 6. d4 Nc6 7. c3 a6 $2 $146 (7... Qb6 8. Be2 (8. dxc5
Bxc5 9. Qc2 Qc7 10. Bf4 d6 11. exd6 Bxd6 12. Bxd6 Qxd6 13. Be2 O-O 14. Rd1 g6
15. O-O Re8 16. Rfe1 Bg4 17. Qd2 Rad8 18. h3 Bxf3 19. Bxf3 Ne5 20. Bxd5 Qxd5
21. Qxd5 Rxd5 22. Rxd5 Nf3+ {
Ambroz,J (2490)-Neckar,L (2380) Prague 1981 1/2-1/2 (52)}) (8. Bd3 cxd4 9. O-O
dxc3 10. bxc3 Be7 11. Bc2 Qa5 12. Bd2 Qc5 13. Rc1 b6 14. Be3 Qa5 15. Bb3 Ba6
16. c4 dxc4 17. Rxc4 Bxc4 18. Bxc4 Rd8 19. Bf4 O-O 20. Qd3 Qc5 21. Rc1 Qa3 22.
Qf5 Qb2 {Kreie,G-Mohrenstecher,J Horn 1979 0-1 (34)}) 8... cxd4 9. cxd4 Bb4+
10. Kf1 (10. Bd2 Nxd4 11. O-O Nxe2+ 12. Qxe2 O-O 13. Bxb4 Qxb4 14. Rfd1 d6 15.
Rxd5 dxe5 16. Rxe5 Bd7 17. Qd2 Qxd2 18. Nxd2 Rfe8 19. Rae1 Kf8 20. Rxe8+ Rxe8
21. Rxe8+ Kxe8 22. Kf1 Be6 23. a3 Bd5 24. g3 Kd7 {
Xia,Y-Tessier Desrosiers,O Edmonton 2000 0-1 (49)}) 10... Be7 11. Qb3 (11. b3
O-O 12. Be3 d6 13. Rc1 Bf5 14. Bd3 Bxd3+ 15. Qxd3 Nb4 16. Qe2 Rac8 17. Rxc8
Rxc8 18. exd6 Bxd6 19. Ne1 Be7 20. g3 Qe6 21. Kg2 Qe4+ 22. f3 Qb1 23. Bf2 Bf8
24. a3 Na2 25. Qb5 Rc1 {Alster,L (2250)-Sejkora,V (2235) Decin 1977 0-1 (34)})
11... Qxb3 12. axb3 d6 13. Bf4 dxe5 14. Bxe5 O-O 15. h3 Bf5 16. Kg1 Bc2 17. Bd1
Bxd1 18. Rxd1 Na5 19. Nd2 Rfc8 20. Nf1 Nxb3 21. Ne3 Rd8 22. Nf5 {
Doucet,C-Kinlay,J Winterthur 1976 1/2-1/2 (31)}) (7... cxd4 8. Nxd4 d6 $14) 8.
g3 $4 (8. dxc5 $5 Bxc5 9. Qxd5 d6 10. exd6 Qb6 $18) 8... Qb6 $2 (8... d6 $142
9. exd6 Bxd6 $14) 9. Bg2 $18 cxd4 10. cxd4 $4 (10. O-O $142 dxc3 11. bxc3 $18)
10... Bb4+ $11 11. Bd2 Nxd4 (11... d6 12. O-O dxe5 13. Nxe5 Bxd2 14. Qxd2 $11)
12. Nxd4 (12. O-O $142 $5 Nxf3+ 13. Bxf3 Bxd2 14. Qxd2 $16) 12... Qxd4 $11 13.
Bxb4 Qxb4+ 14. Qd2 Qxd2+ 15. Kxd2 d6 16. Bxd5 O-O 17. exd6 Rd8 18. Ke3 Rxd6 19.
Rhd1 Rb6 20. b3 Be6 21. Rac1 Re8 22. Kf3 Bxd5+ 23. Rxd5 Rf6+ 24. Kg2 g6 25.
Rcd1 $4 (25. Rc2 $142 $11) 25... Re2 $19 26. R1d2 (26. Rf1 Rxa2 27. Rd7 $19)
26... Rxd2 (26... Rfxf2+ 27. Kg1 Rg2+ 28. Kf1 Rxd2 29. Rxd2 Rxd2 30. b4 Rxa2
31. h3 Rb2 32. Ke1 Rxb4 33. h4 a5 34. Kd2 a4 35. g4 a3 36. h5 a2 37. Kc3 Ra4
38. hxg6 a1=Q+ 39. Kc2 Qa2+ 40. Kc3 Rc4+ 41. Kd3 Qb3+ 42. Ke2 Rc2+ 43. Kd1 Qb1#
) 27. Rxd2 $11 1/2-1/2